IFM Opac

Fundamentals of Documentation (Record no. 19077)

MARC details
000 -LEADER
fixed length control field 00390nam a22001337a 4500
082 ## - DEWEY DECIMAL CLASSIFICATION NUMBER
Classification number 025.009 54 KAW
100 ## - MAIN ENTRY--PERSONAL NAME
Personal name Kawatra, P,S
245 ## - TITLE STATEMENT
Title Fundamentals of Documentation
260 ## - PUBLICATION, DISTRIBUTION, ETC.
Place of publication, distribution, etc. Sterling Publishers Private Limited
Name of publisher, distributor, etc. Sterling Publishers Private Limited
Date of publication, distribution, etc. 1989
300 ## - PHYSICAL DESCRIPTION
Extent vii.;250p
Other physical details ill,22CM
500 ## - GENERAL NOTE
General note Includes Index
650 ## - SUBJECT ADDED ENTRY--TOPICAL TERM
Topical term or geographic name entry element With special Reference to India
942 ## - ADDED ENTRY ELEMENTS (KOHA)
Koha item type Books
Holdings
Withdrawn status Lost status Damaged status Not for loan Home library Current library Shelving location Date acquired Total Checkouts Full call number Barcode Date last seen Price effective from Koha item type
        IFM Main Campus Library IFM Main Campus Library Archival Collection 03/30/2021   025.009 54 KAW 0000012613 10/09/2017 02/19/2022 Books